Регионална библиотека "Любен Каравелов" - Русе

The Snow Queen (Запис номер 41452)

MARC детайли
000 -Лидер
Контролно поле с фиксирана дължина 00914nam a2200301 c 4500
003 - Код на организацията, давaща контролен номер
Контролно поле BLK
005 - Дата и час на последна редакция
Контролно поле 20240108115056.0
008 - Елементи от данни с фиксирана дължина
fixed length control field 180408b bul|||||r ||||||| ||bul||
010 ## - Наследен системен номер
LC control number KNG00045017000
020 ## - Международен стандартен номер на книга ISBN
Международен стандартен номер на книга ISBN 0-7105-0750-X
-- издат.: Peter Haddock
040 ## - Източник на каталожния запис
Идентификатор на билиотеката - собственик на записа BLK
041 ## - Код за език
Код за езика на текст/звукозапис или на отделно заглавие Английски
Код за езика КДБФ Английски
080 ## - УДК
Текстов определител УДК Датска литература
УДК код - определител по УДК 821.113.4
УДК определител -34
УДК - код + определител 821.113.4-34
100 1# - Редна дума - Автор
Автор Andersen, Hans Christian
Авторска отговорност първи автор
R(LIN) 275404
139 ## - Редно поле
Редна дума Andersen, Hans Christian
Авторски знак And - A 54
245 10 - Сведения за заглавието
Заглавие The Snow Queen
Редно поле (дума) Hans Christian Andersen.
257 ## - Страна на издаване
Страна на създаване/издаване Великобритания
260 ## - Област на издателските данни
-- Bridlington
Име на издателя, разпространителя и проч. Peter Haddock
Година на издаване S. a.
300 ## - Физическа характеристика
Страници [19] c
Илюстрации и др. с ил.
Размери/Мащаб 20 cm
380 ## - Жанр
Жанр Худож. лит.
490 1# - СЕРИИ (Колекции)
Име на серия Hans Andersen Fairy Tales
852 ## - Местоположение
Форматна сигнатура Цб 193725
856 4# - Електронен адрес и достъп
Електронен формат pdf - файл
Път до файла /url/
856 4# - Електронен адрес и достъп
Електронен формат pdf - файл
Път до файла /url/
942 ## - АРТИКУЛИ
Вид на библиотечния материал Книги
Скрит в OPAC Не
Koha issues (borrowed), all copies 6
944 ## - СЪЗДАВАНЕ И РЕДАКЦИЯ на ЗАПИСА
Създаване/Редакция Създаване
Дата на регистрацията/редакция 05.12.2005
Служител, извършил регистрацията/редакцията 30537
Статус, дата на статуса Грета Цуфелде
944 ## - СЪЗДАВАНЕ И РЕДАКЦИЯ на ЗАПИСА
Създаване/Редакция Редакция
Дата на регистрацията/редакция 05.12.2005
Служител, извършил регистрацията/редакцията
999 ## - СИСТЕМНИ КОНТРОЛНИ НОМЕРА
Koha biblionumber 41452
Koha biblioitemnumber 41452
Наличности
Код за отписване Код за изгубен артикул Източник на класификационната схема Код за повреда Коз за рестрикции Код за отдаване Артикулен № Име на библиотеката - собственик Име на библиотеката, в която се намира в момента Статус (Текущо местоположение) Дата на вписване в системата Местоположение - отдел Цена в лева Инвентарен номер Систематично азбучна сигнатура Баркод Номер на екземпляра Цена в евро Служебна бележка Служебен тип на артикула
  Не е изгубен Universal Decimal Classification Не е повреден без рестрикции заемане за дома 64963 Регионална библиотека "Любен Каравелов" Русе Регионална библиотека "Любен Каравелов" Русе Детски отдел 2001-01-01 Детски отдел 2.55 646627 821-93/A 54 H 120000646627 1 1.30 Дата инв: 19.03.2015 Бележки инв: Ч32015 Книги
Vip Innovations Ltd, Rousse, Bulgaria 2025